| 000 | 01018nam a2200253 a 4500 | ||
|---|---|---|---|
| 001 | 000025993 | ||
| 003 | DO-SdBNP | ||
| 005 | 20240925141012.0 | ||
| 008 | 110225s1976 dr 000 0 spa d | ||
| 040 |
_aDO-SdBNP _bspa _cBNPHU |
||
| 082 |
_a972.93054 _bS631i |
||
| 100 | 1 |
_aSlater, Jerome _952891 |
|
| 240 | 1 | 0 |
_aIntervention and negotiation _lEspañol |
| 245 | 1 | 3 |
_aLa intervención americana : _blos Estados Unidos y la Revolución Dominicana / _cJerome Slater ; prólogo profesor Hans J. Morgenthau. |
| 260 |
_aSanto Domingo : _bEditora Santo Domingo, _c1976. |
||
| 300 |
_axxi, 258 p. : _bil., retrs. ; _c22 cm. |
||
| 504 | _aBibliografía : p. 253-258 | ||
| 651 | 4 |
_aRepública Dominicana _xRelaciones Exteriores _zEstados Unidos _96308 |
|
| 651 | 4 |
_aEstados Unidos _xRelaciones Exteriores _zRepública Dominicana _96309 |
|
| 651 | 4 |
_aEstados Unidos _xRelaciones Exteriores _y1963-1969 _952892 |
|
| 700 | 1 |
_aMorgenthau, Hans J., _epról. _952893 |
|
| 910 | _aValidado. Control de calidad. MFF | ||
| 942 |
_2ddc _cLBS1 |
||
| 999 |
_c25485 _d25485 |
||